000 01068nam a22002777a 4500
008 081125t xxu||||| |||| 00| 0 eng d
010 _aENG-91822
020 _a9780415479868
_c695.00
035 _aEN-75355
037 _bDBAD / PUB
040 _adpl
_bEnglish
082 _a382.1
100 _aDev Nathan
245 _aInternational trade and global civil society /
_cby Dev Nathan, D. Narasimha Reddy [and] Govind Kelkar
260 _aNew Delhi
_bRoutledge
_c2008
270 _a912-915, Tolstoy House, 15-17, Tolstoy Marg,
_bNew Delhi
_e110001
300 _axiv, 304p.
_c23cm (Hb)
500 _aIncludes bibliographical references and index
650 _aInternational economic relations.
650 _aInternational trade.
650 _aCivil society
700 _aReddy, D. Narasimha
700 _aKelkar, Govind
942 _2ddc
_cEN
_mDEV
_h382.1
999 _c19104
_d19104